Espíritu de San Ignacio de Loyola : perspectivas y actitudes Ignacianas de Espiritualidad / [por] Ignacio Iparraguirre S.J

Guardado en:
Detalles Bibliográficos
Autor principal: Iparraguirre, Ignacio (autor)
Formato: Libro
Colección:Espiritualidad ignaciana ; 2
Temas:
Etiquetas: Agrega una etiqueta
Sin etiquetas, Sé el primero en etiquetar este registro!

MARC

LEADER 00000nam^a2200000^u^4500
001 000539067
005 20250521000000.0
008 060220s1000^^^^^^^^^^^^r^^^^^000^0^spa^d
009 20260310131134.566
035 |a FMI 000006086 
037 |a Acervo Xavier Clavigero 
096 |a 3.6.1/154/C 
100 |a Iparraguirre, Ignacio  |e (autor) 
245 1 0 |a Espíritu de San Ignacio de Loyola : perspectivas y actitudes Ignacianas de Espiritualidad / [por] Ignacio Iparraguirre S.J 
264 |a Bilbao : Mensajero, 1958 
300 |a 207 p. 
336 |a texto  |b txt  |2 rdacontenido 
337 |a sin mediación  |b n  |2 rdamedio 
338 |a volumen  |b nc  |2 rdasoporte 
440 0 |a Espiritualidad ignaciana ; 2 
649 |a XX 
650 |a VIDAS DE SANTOS 
910 |a Fondo Francisco Migoya Covarrubias S.J. 
920 |a Impresos - Libros 
930 |a Fondos Especiales 
905 |a 134 
901 |a SBC14205  |b IT2  |c ESP  |u 20250521 
902 |a https://opac.biblio.iteso.mx/vufind/Record/000539067